Characterisation of silica based on two production routes for thermoluminescence (TL) dosimeters /
محفوظ في:
| المؤلف الرئيسي: | |
|---|---|
| التنسيق: | أطروحة |
| اللغة: | English |
| الموضوعات: | |
| الوسوم: |
إضافة وسم
لا توجد وسوم, كن أول من يضع وسما على هذه التسجيلة!
|
| LEADER | 010050000a22002410004500 | ||
|---|---|---|---|
| 008 | 160621t2016 my a g m 000 0 eng d | ||
| 040 | |a UIAM |b eng |e rda | ||
| 041 | |a eng may | ||
| 050 | 0 | |a QC479 | |
| 100 | 0 | |a Siti Shafiqah binti Ahmad Shaharuddin, |e author | |
| 245 | 1 | 0 | |a Characterisation of silica based on two production routes for thermoluminescence (TL) dosimeters / |c by Siti Shafiqah binti Ahmad Shaharuddin |
| 264 | 1 | |a Kuala Lumpur : |b Faculty of Science, University of Malaya, |c 2016 | |
| 300 | |a xvii, 165 leaves : |b illustrations ; |c 30 cm. | ||
| 336 | |2 rdacontent |a text | ||
| 337 | |2 rdamedia |a unmediated | ||
| 338 | |2 rdacarrier |a volume | ||
| 502 | |a Thesis (Ph. D)--University of Malaya, 2016. | ||
| 596 | |a 1 | ||
| 655 | 0 | 7 | |a Theses, IIUM foreign |
| 710 | 1 | |a Universiti Malaya. |b Fakulti Sains | |
| 900 | |a oc-amr-hj-ajt-naw | ||
| 999 | |c 435919 |d 470568 | ||
| 952 | |0 0 |6 T QC 000479 S623C 2016 |7 0 |8 THESES |9 761130 |a IIUM |b IIUM |c MULTIMEDIA |g 0.00 |o t QC 479 S623C 2016 |p 11100347120 |r 2018-03-09 |t 1 |v 0.00 |y THESIS | ||
